000
00260nam a2200133Ia 4500
100
_a
Kundu/Pijush K
942
_c
BK
245
_a
Fluid mechanics
260
_b
Elsevier
_c
2008
082
_a
532/KUN
_b
KUN
300
_a
872
546
_a
ENGLISH
999
_c
28895
_d
28895